000 nam a22 a 4500
999 _c396765
_d396765
003 BLK
005 20221208031031.0
008 210202b bu ||||| |||| 00| 0 bu d
040 _aBLK
041 _aRUS
_cRUS
080 _aМатематически таблици и тяхното съставяне
_b519.66
_z519.66
100 _91299
_aМилн-Томсон, Л. М.
_eпърви автор
245 _aЧетырехзначные математические таблицы
_cЛ. М. Милн-Томсон, Л. Дж. Комри ; перев. с англ. М. А. Иглицкого ; под ред. К. А. Семендяева
250 _a2. изд.
260 _9400719
_aМосква
_bНаука
_c1964
300 _a246 с.
_c27 см
380 _a5
650 7 _9161406
_aМатематически таблици
700 _aКомри, Л. Дж.
_eсъавт.
_91445
700 _91021
_aИглицкий, М. А.
_eпрев. от англ.
700 _9871
_aСемендяев, К. А.
_eпод ред. на
852 _aЦб ІІ 2484
_bЦб
942 _cKNG
_n0
_s1
944 _aCR
_c2021-02-02
_kВЙ